Szecsődi [Kép]
Elmentve itt :
| Szerző: | |
|---|---|
| Dokumentumtípus: | Cikk |
| Megjelent: |
1985-05-16
|
| Sorozat: | Délmagyarország
75 No. 113 |
| Kulcsszavak: | Szecsődi Ferenc |
| Online Access: | http://dmarchiv.bibl.u-szeged.hu/100178 |
| LEADER | 00437nab a2200157 i 4500 | ||
|---|---|---|---|
| 001 | delm100178 | ||
| 005 | 20190911152316.0 | ||
| 008 | 190911s1985 hu o 0|| hun d | ||
| 040 | |a SZTE Délmagyarország Archívum |b hun | ||
| 041 | |a hun | ||
| 100 | 1 | |a Nagy László | |
| 245 | 1 | 0 | |a Szecsődi [Kép] |h [elektronikus dokumentum] / |c Nagy László |
| 260 | |c 1985-05-16 | ||
| 300 | |a 5 | ||
| 490 | 0 | |a Délmagyarország |v 75 No. 113 | |
| 695 | |a Szecsődi Ferenc | ||